Statistics for Countries Starting With I - One Minute Sprint

Click here to take the quiz!

General Stats

  • This quiz has been taken 365 times
  • The average score is 7 of 8

Answer Stats

country% Correct
India
95%
Indonesia
95%
Iran
90%
Iraq
90%
Ireland
87%
Iceland
86%
Italy
82%
Israel
78%

Score Distribution

Percentile by Number Answered

Percent of People with Each Score

Your Score History

You have not taken this quiz